Missing Word: Kendrick Lamar Songs Quiz Stats

 Plays Quiz Updated Feb 20, 2018

Score 0/26 Timer 03:00
3 Plays Today
Kendrick Lamar Song Missing Word % Correct
m.A.A.d ___city
86.9%
Poetic ___Justice
86.2%
___ Pools (Drank)Swimming
85.8%
The Blacker The ___Berry
80.2%
___ TreesMoney
79.1%
Ronald ___ EraReagan
75.3%
___ FreestyleBackseat
75%
The ___ Of Peer PressureArt
73.3%
___ kidgood
72.8%
How Much A ___ CostDollar
72.5%
___ PoliticsHood
70.1%
___ About Me, I'm Dying Of ThirstSing
69.6%
These ___Walls
62.9%
Kendrick Lamar Song Missing Word % Correct
The ___ Part 4Heart
62.8%
Sherane a.k.a ___ Splinter's DaughterMaster
60.2%
___ TheoryWesley's
58.9%
___ Is BlissIgnorance
58.5%
___ Boy FlyBlack
57.9%
You Ain't Gotta ___ (Momma Said)Lie
52.7%
Michael ___Jordan
44.1%
___ (A Zulu Love)Complexion
42.4%
The ___ ChantSpiteful
41.8%
___ Mans Dreams (His Vice)Poe
39.8%
___ SixChapter
38%
___ ManMortal
37.7%
___ & Corinthians (His Pain)Kush
37%

Today's Daily Dose

You're not logged in!

Compare scores with friends on all Sporcle quizzes.
OR
Log In

Sporcle TV

Today on Sporcle TV


Watch our educational content, quiz creation guides, and fun videos on Sporcle TV.

Show Comments

Extras

Top Quizzes Today


Score Distribution

Your Account Isn't Verified!

In order to create a playlist on Sporcle, you need to verify the email address you used during registration. Go to your Sporcle Settings to finish the process.

Report this User

Report this user for behavior that violates our Community Guidelines.

Details: